000 01053nam a22003137a 4500
001 BR8806946
003 BR-BrBNA
005 20230928093049.0
007 ta
008 230509b bl.||||| |||| 00| 0 por d
040 _aBR-BrBNA
_bpor
_cBiblioteca Nacional de Agricultura
041 _a(Por)
072 _aF06; E14
_b/G514
090 _ F06 BR8806946
110 1 _aMinisterio do Interior, Brasilia, DF (Brasil);
_97113
110 1 _aMinisterio do Interior, Brasilia, DF (Brasil);
_97113
110 1 _aIICA, Campos, RJ (Brasil);
_95554
110 1 _aMinisterio do Interior, Brasilia, DF (Brasil);
_97113
110 1 _aIICA, Campos, RJ (Brasil)
_95554
245 1 _aProblematica no gerenciamento de projetos de irrigacao com cana-de-acucar no norte-fluminense. Relatorio final da reuniao tecnica
260 3 _aCampos, RJ (Brasil):
_c1983.
300 _a7 p.
650 _aCANA DE ACUCAR
650 _aIRRIGACAO
650 _aPROJETO DE DESENVOLVIMENTO
650 _aRIO DE JANEIRO
909 _a202309
_bLucia
_c55
_dLucia Elande
942 _cBK
999 _c42788
_d42788